Normal view
MARC view
- Institution of Electrical Engineers
Entry Corporate Name
001 - CONTROL NUMBER
- control field: 84592
003 - CONTROL NUMBER IDENTIFIER
- control field: NUST
005 - DATE AND TIME OF LATEST TRANSACTION
- control field: 20211119114850.0
008 - FIXED-LENGTH DATA ELEMENTS
- fixed length control field: 211119|| aca||aabn | a|a d
040 ## - CATALOGING SOURCE
- Original cataloging agency: NUST
- Transcribing agency: NUST
110 ## - HEADING--CORPORATE NAME
- Corporate name or jurisdiction name as entry element: Institution of Electrical Engineers
670 ## - SOURCE DATA FOUND
- Source citation: Work cat.: (NUST)31838: Leigh, J. R. (James R.) 84585, Control Theory /, c2004.
